Face Of New India (Record no. 1360448)

MARC details
000 -LEADER
fixed length control field 00552nam a2200229Ia 4500
008 - FIXED-LENGTH DATA ELEMENTS--GENERAL INFORMATION
fixed length control field 160321s9999||||xx |||||||||||||| ||und||
040 ## - CATALOGING SOURCE
Transcribing agency English
082 ## - DEWEY DECIMAL CLASSIFICATION NUMBER
Classification number XI.A/Indian Govt
082 ## - DEWEY DECIMAL CLASSIFICATION NUMBER
Item number BORI-29784
245 ## - TITLE STATEMENT
Title Face Of New India
300 ## - PHYSICAL DESCRIPTION
Extent 8+110
300 ## - PHYSICAL DESCRIPTION
Dimensions F
300 ## - PHYSICAL DESCRIPTION
Accompanying material Hardbound
530 ## - ADDITIONAL PHYSICAL FORM AVAILABLE NOTE
Availability source N. M. Khupekar
530 ## - ADDITIONAL PHYSICAL FORM AVAILABLE NOTE
Uniform Resource Identifier <a href="00046137.pdf">00046137.pdf</a>
563 ## - BINDING INFORMATION
Binding note Study
630 ## - SUBJECT ADDED ENTRY--UNIFORM TITLE
Uniform title Face Of New India
650 ## - SUBJECT ADDED ENTRY--TOPICAL TERM
Topical term or geographic name as entry element "Politics, History+ Historiography"
650 ## - SUBJECT ADDED ENTRY--TOPICAL TERM
Topical term or geographic name as entry element General Indology
730 ## - ADDED ENTRY--UNIFORM TITLE
Uniform title Face Of New India
942 ## - ADDED ENTRY ELEMENTS (KOHA)
Koha item type Book

No items available.